Automatic process control for chemical engineers (Record no. 25223)

000 -LEADER
fixed length control field 00528nam a2200193 4500
001 - CONTROL NUMBER
control field 25223
003 - CONTROL NUMBER IDENTIFIER
control field BD-DhUET
008 - FIXED-LENGTH DATA ELEMENTS--GENERAL INFORMATION
fixed length control field 150304b1956 xxu||||| |||| 00| 0 eng d
040 ## - CATALOGING SOURCE
Original cataloging agency DLC
Transcribing agency DLC
Modifying agency BD-DhUET
082 ## - DEWEY DECIMAL CLASSIFICATION NUMBER
Classification number 660.28
Item number CEA/1956
100 ## - MAIN ENTRY--PERSONAL NAME
Personal name Ceaglaske, Norman H.
245 ## - TITLE STATEMENT
Title Automatic process control for chemical engineers
250 ## - EDITION STATEMENT
Edition statement 1st ed.
260 ## - PUBLICATION, DISTRIBUTION, ETC. (IMPRINT)
Place of publication, distribution, etc. New Delhi
Name of publisher, distributor, etc. Wiley Eastern
Date of publication, distribution, etc. 1956
300 ## - PHYSICAL DESCRIPTION
Extent xiv, 228 p.
Other physical details ill.
Dimensions 23 cm.
504 ## - BIBLIOGRAPHY, ETC. NOTE
Bibliography, etc Includes bibliographies
650 #0 - SUBJECT ADDED ENTRY--TOPICAL TERM
Topical term or geographic name as entry element Chemical engineering
942 ## - ADDED ENTRY ELEMENTS (KOHA)
Koha item type General Book
Holdings
Koha full call number Koha date last seen Not for loan Shelving location Piece designation (barcode) Location (home branch) Copy number Koha normalized classification for sorting Date acquired Damaged status Source of classification or shelving scheme Withdrawn status Koha item type Lost status Price effective from Sublocation or collection (holding branch)
660.28/CEA/19562015-05-13 Circulation section32624Central Library, BUET1660_280000000000000_CEA_19562015-05-13   General Book 2015-05-13Central Library, BUET
660.28/CEA/19562015-05-13 Circulation section32623Central Library, BUET2660_280000000000000_CEA_19562015-05-13   General Book 2015-05-13Central Library, BUET
660.28/CEA/19562015-05-13 Circulation section32622Central Library, BUET3660_280000000000000_CEA_19562015-05-13   General Book 2015-05-13Central Library, BUET
660.28/CEA/19562015-05-13 Circulation section32621Central Library, BUET4660_280000000000000_CEA_19562015-05-13   General Book 2015-05-13Central Library, BUET
660.28/CEA/19562015-05-13 Circulation section20928Central Library, BUET5660_280000000000000_CEA_19562015-05-13   General Book 2015-05-13Central Library, BUET
660.28/CEA/19562015-05-13 Circulation section37310Central Library, BUET6660_280000000000000_CEA_19562015-05-13   General Book 2015-05-13Central Library, BUET
660.28/CEA/19562015-05-13 Circulation section32625Central Library, BUET7660_280000000000000_CEA_19562015-05-13   General Book 2015-05-13Central Library, BUET
660.28/CEA/19562015-05-13 Circulation section11145Central Library, BUET8660_280000000000000_CEA_19562015-05-13   General Book 2015-05-13Central Library, BUET
660.28/CEA/19562015-05-13 Circulation section11148Central Library, BUET9660_280000000000000_CEA_19562015-05-13   General Book 2015-05-13Central Library, BUET
660.28/CEA/19562015-05-13 Circulation section11144Central Library, BUET10660_280000000000000_CEA_19562015-05-13   General Book 2015-05-13Central Library, BUET
660.28/CEA/19562015-05-13 Circulation section12431Central Library, BUET11660_280000000000000_CEA_19562015-05-13   General Book 2015-05-13Central Library, BUET
660.28/CEA/19562015-05-13 Circulation section10151Central Library, BUET12660_280000000000000_CEA_19562015-05-13   General Book 2015-05-13Central Library, BUET